| 000 | 00738nam a22002177a 4500 | ||
|---|---|---|---|
| 999 |
_c12634 _d12634 |
||
| 003 | AR-CdUCM | ||
| 008 | 190409b ||||| |||| 00| 0 spa d | ||
| 020 | _a978-612-46460-5-8 | ||
| 040 |
_aMUNICIPALIDAD PROVINCIAL DEL CUSCO _cBIBLIOTECA MUNICIPAL DEL CUSCO |
||
| 082 |
_aEP / 591.3 / _bR78 |
||
| 100 |
_aRojas Zimin, Svetlana _930566 |
||
| 245 |
_aEnciclopedia ilustrada : _bAnimales / |
||
| 260 |
_aLima : _bBermudas, _c2016. |
||
| 300 |
_a56 páginas _c20 cm. |
||
| 440 |
_aColección mi Perú. _930567 |
||
| 505 | _aContenido :Cóndor -- Cuy -- Gallito de las rocas -- Mono ardilla -- Perro sin pelo ... | ||
| 650 |
_aAnimales mamíferos _930568 |
||
| 650 |
_aAnimales domésticos _930569 |
||
| 942 |
_2ddc _cLIBROS |
||
| 945 | _arum | ||